000 00390nam a2200145Ia 4500
008 210210b1997 xxu||||| |||| 00| 0 eng d
020 _a0333 92397 9
082 _a300.72 DWIR
100 _aDWIVEDI (R S).
245 _aResearch methods in behavioural sciences.
260 _aNew Delhi.
_bMacmillan India Ltd.
_c1997
300 _aviii,256
690 _aSocial Research
906 _a055082
999 _c102932
_d102932